Tiempos estos (Record no. 12653)

MARC details
000 -LEADER
campo de control de longitud fija 00979nam a2200277 i 4500
001 - NÚMERO DE CONTROL
campo de control 12653
003 - IDENTIFICADOR DE NÚMERO DE CONTROL
campo de control ES-MaACL
005 - FECHA Y HORA DE LA ÚLTIMA TRANSACCIÓN
campo de control 20250824222442.0
007 - CAMPO FIJO DE DESCRIPCIÓN FÍSICA--INFORMACIÓN GENERAL
campo de control de longitud fija t|
008 - DATOS DE LONGITUD FIJA--INFORMACIÓN GENERAL
campo de control de longitud fija 921002s1989 sp |||| | spa d
020 ## - NÚMERO INTERNACIONAL ESTÁNDAR DEL LIBRO
Número Internacional Estándar del Libro 84-7517-265-2
080 ## - NÚMERO DE LA CLASIFICACIÓN DECIMAL UNIVERSAL
Número de la Clasificación Decimal Universal 860-32"19"
100 0# - ENTRADA PRINCIPAL--NOMBRE DE PERSONA
Nombre de persona Alegre Cudós, José Luis,
Fechas asociadas al nombre 1951-2022
9 (RLIN) 19668
245 10 - MENCIÓN DEL TÍTULO
Título Tiempos estos
Resto del título = Quelle époque! = In these times : (un mundo para un solo personaje) /
Mención de responsabilidad, etc. José Luis Alegre Cudós ; versión francesa de Rosine Gars ; versión inglesa de William Bryant Logan.
246 31 - FORMA VARIANTE DEL TITULO
Título propio/Titulo breve Quelle époque!
246 31 - FORMA VARIANTE DEL TITULO
Título propio/Titulo breve In these times
260 ## - PUBLICACIÓN, DISTRIBUCIÓN, ETC.
Lugar de publicación, distribución, etc. Madrid :
Nombre del editor, distribuidor, etc. Hiperión,
Fecha de publicación, distribución, etc. D.L. 1989.
300 ## - DESCRIPCIÓN FÍSICA
Extensión 154 p. ;
Dimensiones 20 cm.
490 1# - MENCIÓN DE SERIE
Mención de serie Libros Hiperión ;
Designación de volumen o secuencia 118
500 ## - NOTA GENERAL
Nota general Texto multilingüe: español, francés e inglés.
700 1# - ENTRADA AGREGADA--NOMBRE PERSONAL
Nombre de persona Gars, Rosine.
9 (RLIN) 55791
700 1# - ENTRADA AGREGADA--NOMBRE PERSONAL
Nombre de persona Logan, William Bryant.
9 (RLIN) 73122
830 00 - PUNTO DE ACCESO ADICIONAL DE SERIE-TÍTULO UNIFORME
Título uniforme Libros Hiperión
Designación de volumen o secuencia 118
9 (RLIN) 178016
852 ## - LOCALIZACIÓN
Ubicación ES-MaACL
Número de control de estantería L-20120
Holdings
Estatus retirado Estado de pérdida Estado de daño No para préstamo Biblioteca de origen Biblioteca actual Ubicación en estantería Fecha de adquisición Fuente de adquisición Total de préstamos Signatura topográfica completa Código de barras Visto por última vez Precio de reemplazo Tipo de ítem Koha
        Biblioteca del Ateneo de Madrid Biblioteca del Ateneo de Madrid Depósito 2 17/01/2008     L-20120 1012889 23/02/2023 23/02/2023 Libro impreso